000 01941nam a2200313Ia 4500
999 _c53814
_d53814
001 20865
003 GE_BSU
005 20210524130017.0
008 181216s ||||ge |||||||||||||| ||geo||
020 _a9789941414855
040 _cGE_BSU
041 _ageo
080 _a34(038)+81'374.822 ი-95
245 _aიურიდიული ლექსიკონი :
_bგერმანულ-ქართული, ქართულ-გერმანული = Rechtsworterbuch : Deutsch-georgisch, georgisch-deutsch /
_cავტ. : გაგა გაბრიჩიძე, ლაშა კალანდაძე, მანანა მანჯგალაძე [და სხვ.] ; რედ.: შალვა პაპუაშვილი, ქეთევან ფხაკაძე, ეთერ ჩაჩანიძე ; რედ. : შალვა პაპუაშვილი, ქეთევან ფხაკაძე, ეთერ ჩაჩანიძე.
264 _aთბილისი :
_bGIZ,
_c2012.
300 _a545 გვ. ;
_c 20 სმ.
541 _h19ლ.90თ.
546 _aთავფურცელი ქართულ და გერმანულ
653 _aიურიდიული ლექსიკონი
653 _aლექსიკონი
653 _aსამართალი
700 _aგაბრიჩიძე, გაგა
_eავტორი
_95243
700 _aკალანდაძე, ლაშა
_eავტორი
_910138
700 _aმანჯგალაძე, მანანა
_eავტორი
_911880
700 _aპაპუაშვილი, შალვა
_eრედაქტორი
_9758
700 _aფხაკაძე, ქეთევან
_eრედაქტორი
_911881
700 _aჩაჩანიძე, ეთერ
_eრედაქტორი
_911882
942 _cBK
_2udc